|
|
|
|
| LEADER |
00633nta a2200181 i 4500 |
| 001 |
dipl31301 |
| 005 |
20130314091629.0 |
| 008 |
110706s2003 hu om 0|| zxx d |
| 040 |
|
|
|a SZTE Diploma Repozitórium
|b hun
|
| 041 |
|
|
|a zxx
|
| 100 |
1 |
|
|a Futaki Ida
|
| 245 |
1 |
2 |
|a A magyar és a cseh Nemzeti Fejlesztési Terv az esélyegyenlőség tükrében
|h [elektronikus dokumentum] /
|c Ida Futaki
|
| 260 |
|
|
|c 2003
|
| 650 |
|
4 |
|a Gazdaságtudományok
|
| 650 |
|
4 |
|a Economics and business
|
| 700 |
0 |
1 |
|a Pelle Anita
|e ths
|
| 700 |
0 |
1 |
|a Balogh Szilvia
|e ths
|
| 856 |
4 |
0 |
|u https://diploma.bibl.u-szeged.hu/id/eprint/31301/1/szakdolgozat.pdf
|z Dokumentum-elérés
|